| 000 | 00776nam a22002057a 4500 | ||
|---|---|---|---|
| 005 | 20251108165348.0 | ||
| 008 | 250721s1989 xx 000 0 ara d | ||
| 082 | 1 | 4 | _a930/مؤت |
| 100 | 1 |
_aالبخيت، محمد عدنان _eمحرر |
|
| 111 | 2 | _aالمؤتمر الدولي لتاريخ بلاد الشام (1983:4:عمان) | |
| 245 | 1 | 0 |
_aبلاد الشام في العهد البيزنطي : _bالندوة الأولى من أعمال المؤتمر الدولي الرابع لتاريخ بلاد الشام / |
| 250 | _aط2 | ||
| 264 | 1 |
_aإربد : _bجامعة اليرموك، _c1989. |
|
| 300 | _a253ص | ||
| 650 | 1 | 7 | _aالتاريخ القديم |
| 650 | 1 | 7 | _aالتاريخ |
| 700 | 1 | _aعصفور، محمد | |
| 942 |
_2ddc _cBK |
||
| 999 |
_c26081 _d26081 |
||